All WWE Universal Champions updated - Statistics

General Stats
  • This quiz has been taken 179 times
    163 since last reset
  • The average score is 13 of 14
Answer Stats
Hint Answer % Correct
2018 1 Roman Reigns
99%
2020 2 Roman Reigns
99%
2017 1 Brock Lesnar
98%
2018 2 Brock Lesnar
98%
2019 3 Brock Lesnar
98%
2019 1 Seth Rollins
97%
2019 2 Seth Rollins
97%
2016 1 Kevin Owens
92%
2019 1 Bray Wyatt
91%
2020 2 Bray Wyatt
91%
2016 1 Finn Balor
91%
2017 1 Goldberg
91%
2020 2 Goldberg
91%
2020 1 Braun Strowman
90%
No matching quizzes found
Score Distribution
Percent of People with Each Score
Percentile by Number Answered
Your Score History
You have not taken this quiz since the last reset